000
00310nam a22001457a 4500
008
230719b ||||| |||| 00| 0 eng d
020
_a
9780691027876
041
_a
eng
080
_a
101
082
_a
101
100
_a
44
101
_a
FILOFI
245
_a
QUANTUM PHILOSOPHY
_c
OMNES . R
942
_2
udc
_c
BK
999
_c
60174
_d
60174